<?xml version="1.0" encoding="UTF-8"?>
<record
    xmlns:xsi="http://www.w3.org/2001/XMLSchema-instance"
    xsi:schemaLocation="http://www.loc.gov/MARC21/slim http://www.loc.gov/standards/marcxml/schema/MARC21slim.xsd"
    xmlns="http://www.loc.gov/MARC21/slim">

  <leader>00790nam a22001577a 4500</leader>
  <controlfield tag="003">OSt</controlfield>
  <controlfield tag="005">20160225165414.0</controlfield>
  <controlfield tag="008">160225b        xxu||||| |||| 00| 0 eng d</controlfield>
  <datafield tag="040" ind1=" " ind2=" ">
    <subfield code="c">RUA</subfield>
  </datafield>
  <datafield tag="082" ind1=" " ind2=" ">
    <subfield code="a">AGR AI 2014 B431 Or.1</subfield>
  </datafield>
  <datafield tag="100" ind1=" " ind2=" ">
    <subfield code="9">7507</subfield>
    <subfield code="a">AI SISOKUNPIDOR, &#x17A2;&#x17B6;&#x1799; &#x179F;&#x17CA;&#x17B8;&#x179F;&#x17BB;&#x1782;&#x1793;&#x17D2;&#x1792;&#x1796;&#x17B7;&#x178A;&#x17C4;&#x179A;</subfield>
  </datafield>
  <datafield tag="245" ind1=" " ind2=" ">
    <subfield code="a">Effective of different solution concentration on the of growth of nato lettuce by hydroponics, &#x17A5;&#x1791;&#x17D2;&#x1792;&#x17B7;&#x1796;&#x179B;&#x1793;&#x17C3;&#x1780;&#x17C6;&#x17A0;&#x17B6;&#x1794;&#x17CB;&#x179A;&#x1794;&#x179F;&#x17CB;&#x179F;&#x17BC;&#x179B;&#x17BB;&#x1799;&#x179F;&#x17D2;&#x1799;&#x17BB;&#x1784;&#x179F;&#x17B6;&#x179A;&#x1792;&#x17B6;&#x178F;&#x17BB;&#x1785;&#x17B7;&#x1789;&#x17D2;&#x1785;&#x17B9;&#x1798;&#x1781;&#x17BB;&#x179F;&#x1782;&#x17D2;&#x1793;&#x17B6;&#x179B;&#x17BE;&#x1780;&#x17B6;&#x179A;&#x179B;&#x17BC;&#x178F;&#x179B;&#x17B6;&#x179F;&#x17CB;&#x178A;&#x17C6;&#x178E;&#x17B6;&#x17C6;&#x179F;&#x17B6;&#x179B;&#x17B6;&#x178A;NATO&#x178A;&#x17B6;&#x17C6;&#x178A;&#x17C4;&#x1799;&#x1794;&#x1785;&#x17D2;&#x1785;&#x17C1;&#x1780;&#x1791;&#x17C1;&#x179F;Hydroponics</subfield>
  </datafield>
  <datafield tag="260" ind1=" " ind2=" ">
    <subfield code="a">Phnom Penh</subfield>
    <subfield code="b">RUA</subfield>
    <subfield code="c">2014</subfield>
  </datafield>
  <datafield tag="300" ind1=" " ind2=" ">
    <subfield code="a">xi; 40p.</subfield>
    <subfield code="b">ill.</subfield>
    <subfield code="c">29cm.</subfield>
  </datafield>
  <datafield tag="942" ind1=" " ind2=" ">
    <subfield code="2">ddc</subfield>
    <subfield code="c">AGR</subfield>
  </datafield>
  <datafield tag="999" ind1=" " ind2=" ">
    <subfield code="c">7097</subfield>
    <subfield code="d">7097</subfield>
  </datafield>
  <datafield tag="952" ind1=" " ind2=" ">
    <subfield code="0">0</subfield>
    <subfield code="1">0</subfield>
    <subfield code="2">ddc</subfield>
    <subfield code="4">0</subfield>
    <subfield code="6">AGR_AI_2014_000000000000000_B431_OR_1</subfield>
    <subfield code="7">0</subfield>
    <subfield code="9">41439</subfield>
    <subfield code="a">LBB</subfield>
    <subfield code="b">LBB</subfield>
    <subfield code="c">B431</subfield>
    <subfield code="d">2016-02-25</subfield>
    <subfield code="o">AGR AI 2014 B431 Or.1</subfield>
    <subfield code="p">RUA050860</subfield>
    <subfield code="r">2016-02-25</subfield>
    <subfield code="w">2016-02-25</subfield>
    <subfield code="y">AGR</subfield>
  </datafield>
  <datafield tag="952" ind1=" " ind2=" ">
    <subfield code="0">0</subfield>
    <subfield code="1">0</subfield>
    <subfield code="2">ddc</subfield>
    <subfield code="4">0</subfield>
    <subfield code="6">AGR_AI_2014_000000000000000_B431_OR_2</subfield>
    <subfield code="7">0</subfield>
    <subfield code="9">41440</subfield>
    <subfield code="a">LBB</subfield>
    <subfield code="b">LBB</subfield>
    <subfield code="c">B431</subfield>
    <subfield code="d">2016-02-25</subfield>
    <subfield code="l">3</subfield>
    <subfield code="o">AGR AI 2014 B431 Or.2</subfield>
    <subfield code="p">RUA051621</subfield>
    <subfield code="r">2024-02-07</subfield>
    <subfield code="s">2024-02-02</subfield>
    <subfield code="w">2016-02-25</subfield>
    <subfield code="y">AGR</subfield>
  </datafield>
  <datafield tag="952" ind1=" " ind2=" ">
    <subfield code="0">0</subfield>
    <subfield code="1">0</subfield>
    <subfield code="2">ddc</subfield>
    <subfield code="4">0</subfield>
    <subfield code="6">AGR_AI_2014_000000000000000_B431_OR_3</subfield>
    <subfield code="7">0</subfield>
    <subfield code="9">41441</subfield>
    <subfield code="a">LBB</subfield>
    <subfield code="b">LBB</subfield>
    <subfield code="c">B431</subfield>
    <subfield code="d">2016-02-25</subfield>
    <subfield code="l">5</subfield>
    <subfield code="m">1</subfield>
    <subfield code="o">AGR AI 2014 B431 Or.3</subfield>
    <subfield code="p">RUA051750</subfield>
    <subfield code="r">2025-03-07</subfield>
    <subfield code="s">2025-02-11</subfield>
    <subfield code="w">2016-02-25</subfield>
    <subfield code="y">AGR</subfield>
  </datafield>
  <datafield tag="952" ind1=" " ind2=" ">
    <subfield code="0">0</subfield>
    <subfield code="1">0</subfield>
    <subfield code="2">ddc</subfield>
    <subfield code="4">0</subfield>
    <subfield code="6">AGR_AI_2014_000000000000000_B431_OR_4</subfield>
    <subfield code="7">0</subfield>
    <subfield code="9">41442</subfield>
    <subfield code="a">LBB</subfield>
    <subfield code="b">LBB</subfield>
    <subfield code="c">B431</subfield>
    <subfield code="d">2016-02-25</subfield>
    <subfield code="l">2</subfield>
    <subfield code="o">AGR AI 2014 B431 Or.4</subfield>
    <subfield code="p">RUA052229</subfield>
    <subfield code="r">2024-01-08</subfield>
    <subfield code="s">2024-01-05</subfield>
    <subfield code="w">2016-02-25</subfield>
    <subfield code="y">AGR</subfield>
  </datafield>
  <datafield tag="952" ind1=" " ind2=" ">
    <subfield code="0">0</subfield>
    <subfield code="1">0</subfield>
    <subfield code="2">ddc</subfield>
    <subfield code="4">0</subfield>
    <subfield code="6">AGR_AI_2014_000000000000000_B431_OR_5</subfield>
    <subfield code="7">0</subfield>
    <subfield code="9">41443</subfield>
    <subfield code="a">LBB</subfield>
    <subfield code="b">LBB</subfield>
    <subfield code="c">B431</subfield>
    <subfield code="d">2016-02-25</subfield>
    <subfield code="l">2</subfield>
    <subfield code="o">AGR AI 2014 B431 Or.5</subfield>
    <subfield code="p">RUA052055</subfield>
    <subfield code="r">2024-02-21</subfield>
    <subfield code="s">2024-02-12</subfield>
    <subfield code="w">2016-02-25</subfield>
    <subfield code="y">AGR</subfield>
  </datafield>
  <datafield tag="952" ind1=" " ind2=" ">
    <subfield code="0">0</subfield>
    <subfield code="1">0</subfield>
    <subfield code="2">ddc</subfield>
    <subfield code="4">0</subfield>
    <subfield code="6">AGR_AI_2014_000000000000000_B431_OR_6</subfield>
    <subfield code="7">0</subfield>
    <subfield code="9">41444</subfield>
    <subfield code="a">LBB</subfield>
    <subfield code="b">LBB</subfield>
    <subfield code="c">B431</subfield>
    <subfield code="d">2016-02-25</subfield>
    <subfield code="l">4</subfield>
    <subfield code="m">1</subfield>
    <subfield code="o">AGR AI 2014 B431 Or.6</subfield>
    <subfield code="p">RUA051876</subfield>
    <subfield code="r">2023-08-07</subfield>
    <subfield code="s">2023-06-23</subfield>
    <subfield code="w">2016-02-25</subfield>
    <subfield code="y">AGR</subfield>
  </datafield>
  <datafield tag="952" ind1=" " ind2=" ">
    <subfield code="0">0</subfield>
    <subfield code="1">0</subfield>
    <subfield code="2">ddc</subfield>
    <subfield code="4">0</subfield>
    <subfield code="6">AGR_AI_2014_000000000000000_B431_OR_7</subfield>
    <subfield code="7">0</subfield>
    <subfield code="9">41445</subfield>
    <subfield code="a">LBB</subfield>
    <subfield code="b">LBB</subfield>
    <subfield code="c">B431</subfield>
    <subfield code="d">2016-02-25</subfield>
    <subfield code="l">1</subfield>
    <subfield code="o">AGR AI 2014 B431 Or.7</subfield>
    <subfield code="p">RUA050742</subfield>
    <subfield code="r">2024-03-01</subfield>
    <subfield code="s">2024-02-23</subfield>
    <subfield code="w">2016-02-25</subfield>
    <subfield code="y">AGR</subfield>
  </datafield>
  <datafield tag="952" ind1=" " ind2=" ">
    <subfield code="0">0</subfield>
    <subfield code="1">0</subfield>
    <subfield code="2">ddc</subfield>
    <subfield code="4">0</subfield>
    <subfield code="6">AGR_AI_2014_000000000000000_B431_OR_8</subfield>
    <subfield code="7">0</subfield>
    <subfield code="9">41446</subfield>
    <subfield code="a">LBB</subfield>
    <subfield code="b">LBB</subfield>
    <subfield code="c">B431</subfield>
    <subfield code="d">2016-02-25</subfield>
    <subfield code="l">2</subfield>
    <subfield code="o">AGR AI 2014 B431 Or.8</subfield>
    <subfield code="p">RUA050763</subfield>
    <subfield code="r">2025-11-11</subfield>
    <subfield code="s">2025-10-08</subfield>
    <subfield code="w">2016-02-25</subfield>
    <subfield code="y">AGR</subfield>
  </datafield>
</record>
